RESEARCH METHODOLOGY (Record no. 9196)

MARC details
000 -LEADER
fixed length control field 00341nam a22001457a 4500
003 - CONTROL NUMBER IDENTIFIER
control field SGT
020 ## - INTERNATIONAL STANDARD BOOK NUMBER
International Standard Book Number 978-81-224-3623-5
082 ## - DEWEY DECIMAL CLASSIFICATION NUMBER
Classification number 310.72, R14K
100 ## - MAIN ENTRY--PERSONAL NAME
Personal name KOTHARI, C. R.
245 ## - TITLE STATEMENT
Title RESEARCH METHODOLOGY
260 ## - PUBLICATION, DISTRIBUTION, ETC. (IMPRINT)
Place of publication, distribution, etc DELHI
Name of publisher, distributor, etc NEW AGE INTERNATIONAL
Year of Publication 2014
300 ## - PAGE DESCRIPTION
No. of Pages 499
650 ## - SUBJECT ADDED ENTRY--TOPICAL TERM
Topical term or geographic name as entry element RESEARCH METHODOLOGY
942 ## - ADDED ENTRY ELEMENTS (KOHA)
Source of classification or shelving scheme Dewey Decimal Classification
Koha item type Books
942 ## - ADDED ENTRY ELEMENTS (KOHA)
-- 127
Holdings
Withdrawn status Lost status Source of classification or shelving scheme Damaged status Not for loan Collection code Home library Current library Shelving location Date acquired Vendor Name Cost, normal purchase price SGTU Bill Number Total Checkouts Full call number Accession No. (Barcode) Date last seen Date last borrowed Bill Date Koha item type Checked out Total Renewals
    Dewey Decimal Classification     MEDICAL SGT Medical Library SGT Medical Library Text Book 23/06/2016 AHUJA BOOKS COMPANY 275.00 SGTU 5978 81 310.72, R14K FM7582 12/02/2026 27/01/2026 14/08/2015 Books    
  Long Overdue (Lost) Dewey Decimal Classification     MEDICAL SGT Medical Library SGT Medical Library Text Book 23/06/2016 AHUJA BOOKS COMPANY 275.00 SGTU 5978 19 310.72, R14K FM7583 10/06/2022 10/06/2022 14/08/2015 Books 31/10/2018  
  Long Overdue (Lost) Dewey Decimal Classification     MEDICAL SGT Medical Library SGT Medical Library Text Book 23/06/2016 AHUJA BOOKS COMPANY 275.00 SGTU 5978 32 310.72, R14K FM7584 12/08/2023 12/08/2023 14/08/2015 Books 26/08/2023  
    Dewey Decimal Classification     MEDICAL SGT Medical Library SGT Medical Library Text Book 23/06/2016 AHUJA BOOKS COMPANY 275.00 SGTU 5978 60 310.72, R14K FM7585 20/04/2026 20/04/2026 14/08/2015 Books    
    Dewey Decimal Classification     MEDICAL SGT Medical Library SGT Medical Library Text Book 23/06/2016 AHUJA BOOKS COMPANY 275.00 SGTU 5978 89 310.72, R14K FM7586 19/01/2026 08/01/2026 14/08/2015 Books   1